00830nam a2200217Ia 4500999001500000020001800015082001900033100002600052245006700078260004600145300001000191504001900201650002500220650002000245650002200265650004100287650003700328942000700365952012000372952012000492 c1312d1312 a81-7100-062-2 a338.9543 SRI-; aSrivastava, Sneh Lata 0aFive year plans and economic growth: a study of Madhya Pradesh aNew DelhibDeep & Deep Publicationsc1988 a355p. aIncludes index aEconomic development aEconomic growth aEconomic planning aMadhya Pradesh - Economic conditions aMadhya Pradesh - Economic policy cBK 00104070aNASSDOCbNASSDOCd2004-06-08i2008-12-30l0o338.9543 SRI-;p30503r2019-04-18 00:00:00w2019-04-18yBK 00104070aNASSDOCbNASSDOCd2004-06-08i2008-12-30l0o338.9543 SRI-;p30504r2019-04-18 00:00:00w2019-04-18yBK